| 000 | 00430nam a2200121 4500 | ||
|---|---|---|---|
| 008 | 708 H548l | ||
| 082 |
_a708 _bH548l |
||
| 100 |
_aHenkerhoff , Paulo (curaduría) _97100 |
||
| 245 | _aLygia Clark | ||
| 260 |
_aSão Paulo _bMAM - Museu de Arte Moderna de São Paulo _c1998 |
||
| 300 |
_a64 p. _c28 x 18 cm |
||
| 650 |
_xBrasil _xcatálogo de exhibición _xarte - biografía _xmovimiento antropofágico _xmovimiento antropofágico _97101 |
||
| 999 |
_c1812 _d1812 |
||